Property snapshot (Record no. 109585)

MARC details
000 -LEADER
fixed length control field 01132cad a22002415a 4500
001 - CONTROL NUMBER
control field E147494
008 - FIXED-LENGTH DATA ELEMENTS--GENERAL INFORMATION
fixed length control field 090515s2009 xxkd f s 000 0 eng d
035 ## - SYSTEM CONTROL NUMBER
System control number (Sirsi) u147494
041 0# - LANGUAGE CODE
Language code of text/sound track or separate title eng
050 04 - LIBRARY OF CONGRESS CALL NUMBER
Classification number 333.33 $2 18
110 2# - MAIN ENTRY--CORPORATE NAME
Corporate name or jurisdiction name as entry element Colliers CRE
9 (RLIN) 5075
245 00 - TITLE STATEMENT
Title Property snapshot
Remainder of title May 2009
Medium [electronic resource]
260 ## - PUBLICATION, DISTRIBUTION, ETC.
Place of publication, distribution, etc. London
Name of publisher, distributor, etc. Colliers
Date of publication, distribution, etc. 2009
490 #0 - SERIES STATEMENT
Series statement Property Snapshot
Volume/sequential designation May 2009
520 ## - SUMMARY, ETC.
Summary, etc. Reports that GDP contracted by 1.9% in Q1 2009, which was not as strong as expected. Current forecasts are for GDP growth of around -4% in 2009. In relation to the commercial property market, transactions fell in April, down to £644m from £2.2bn in March. The number of deals also dropped from 86 to 52, with the average deal size also falling to £12.1m in April from £20.1m in Q1 2009.
521 ## - TARGET AUDIENCE NOTE
Target audience note Advanced
590 ## - LOCAL NOTE (RLIN)
Local note KA
650 24 - SUBJECT ADDED ENTRY--TOPICAL TERM
Topical term or geographic name entry element COLLIERS PROPERTY SNAPSHOT
651 #4 - SUBJECT ADDED ENTRY--GEOGRAPHIC NAME
Geographic name United Kingdom
Chronological subdivision
690 ## - LOCAL SUBJECT ADDED ENTRY--TOPICAL TERM (OCLC, RLIN)
Topical term or geographic name as entry element PROPERTY-COMMERCIAL PROPERTY-COMMERCIAL PROPERTY MARKET
856 40 - ELECTRONIC LOCATION AND ACCESS
Uniform Resource Identifier <a href="https://www.colliers.com/">https://www.colliers.com/</a>
Public note View this report free of charge under market reports at www.colliers.com...
942 ## - ADDED ENTRY ELEMENTS (KOHA)
Suppress in OPAC 0
Holdings
Withdrawn status Lost status Source of classification or shelving scheme Damaged status Not for loan Home library Current library Shelving location Date acquired Total Checkouts Full call number Barcode Date last seen Copy number Price effective from Koha item type
    Dewey Decimal Classification     Virtual Virtual Online 15/05/2009   ONLINE PUBLICATION 147494-2001 06/08/2019 1 06/08/2019 Book